| 000 | 01326nam a2200241Ia 4500 | ||
|---|---|---|---|
| 003 | Ost | ||
| 005 | 20260507075403.0 | ||
| 008 | 260507s9999||||xx |||||||||||||| ||und|| | ||
| 020 | _a59313279779 | ||
| 040 | _cfsecg | ||
| 041 | _aara | ||
| 082 | _a600 | ||
| 100 |
_aقللي، يحي أحمد مصطفى _eمؤلف |
||
| 245 | 0 |
_aدراسات في المحاسبة الضريبية : _bالفكر المحاسبي للضريبة على الدخل / _c يحي أحمد مصطفى قللي |
|
| 260 |
_aالإسكندرية: _bمكتبة الوفاء القانونية, _c2012 |
||
| 300 |
_a263 صفحة؛ _bإيضاحات ؛ _c25 سم |
||
| 504 | _aالمراجع ص.247 | ||
| 520 | _aيضم مبادئ ومفاهيم وأساسيات في المحاسبة الضريبية، أساليب القياس المحاسبي لتحديد الدخل الخاضع للضريبة للشخص الطبيعي والإعتباري، صور من أسس القياس المحاسبي لتحديد الدخل الضريبي على النشاط التجاري والصناعي، المعايير المحاسبية واهتمامات المحاسبة الضريبية | ||
| 653 | _aالضرائب- المحاسبة | ||
| 653 | _aالضريبة على الدخل | ||
| 653 | _aالمحاسبة الضريبية | ||
| 942 | _cكتاب | ||
| 999 |
_c44290 _d44290 |
||